À quoi correspond l’image - Statistiques

Statistiques générales
  • Ce quiz a été pris 36 fois
  • Le résultat moyen est 8 sur 16
Statistiques - réponses
Par images Réponse % Correct
Lamine Yamal
94%
Ballon de foot
79%
Crampons de foot
73%
Neymar
70%
Sifflet
67%
Maillot de foot
64%
Terrain de foot
64%
Arbitre
61%
But
58%
Entraîneur
48%
Pedri
36%
Score
36%
Tacle
36%
Tribune de foot
30%
Équipe de foot
12%
Supporteur
6%
Aucun quiz correspondant
Distribution des résultats
% des personnes avec chaque résultat
Percentile par nombre de réponses
Votre historique - résultats
Vous n’avez pas pris ce quiz